|
|
|
|
| LEADER |
01626nam a22003377a 4500 |
| 001 |
5000 |
| 003 |
BD-DhAAL |
| 005 |
20241101165113.0 |
| 008 |
140407r19931977bg ||||| |||| 00| 0 ben d |
| 020 |
|
|
|a 9840727672
|
| 020 |
|
|
|a 984073380X
|
| 040 |
|
|
|a BD-DhAAL
|c BD-DhAAL
|
| 041 |
|
|
|a ben
|
| 082 |
|
|
|a 891.44
|2 23
|
| 100 |
|
|
|a নজরুল ইসলাম,
|c কাজী,
|d ১৮৯৯-১৯৭৬.
|9 53229
|
| 245 |
|
|
|a নজরুল-রচনাবলী.
|n দ্বিতীয় খন্ড /
|c কাজী নজরুল ইসলাম, আবদুল কাদির সম্পাদিত.
|
| 246 |
|
|
|a Nazrul rachanavali (works of Qazi Nazrul Islam)
|
| 260 |
|
|
|a ঢাকা :
|b বাংলা একাডেমী,
|c ১৯৭০ [নতুন সংস্করণ ১৯৯৩].
|
| 300 |
|
|
|a [বত্রিশ], ৯৩৬ পৃষ্ঠা ;
|c ২২ সে.মি.
|
| 362 |
|
|
|a Vol. 2
|
| 541 |
|
|
|a Donated By Akbar Ali Khan
|d 5000, 38869
|
| 600 |
|
|
|a Nazrul Islam,
|c Kazi,
|d 1899-1976.
|9 4241
|
| 650 |
|
|
|a Bengali poetry.
|
| 650 |
|
|
|a Bengali fiction.
|
| 650 |
|
|
|a Bengali literature.
|
| 700 |
|
|
|a কাদির, আবদুল.
|9 4243
|
| 852 |
|
|
|a Ayesha Abed Library
|c General Stacks
|
| 942 |
|
|
|2 ddc
|c BK
|
| 999 |
|
|
|c 14279
|d 14279
|
| 952 |
|
|
|0 0
|1 0
|2 ddc
|4 0
|6 891_440000000000000_NAZ
|7 0
|9 24116
|a BRACUL
|b BRACUL
|c GEN
|d 2014-04-07
|g 125.00
|l 1
|o 891.44 NAZ
|p 3010005000
|r 2016-06-06
|s 2016-05-30
|t 1
|w 2014-04-07
|y BK
|
| 952 |
|
|
|0 0
|1 0
|2 ddc
|4 0
|6 891_440000000000000_NAZ
|7 1
|9 71454
|a BRACUL
|b BRACUL
|c AWC
|d 2022-08-03
|e Donated by Akbar Ali Khan
|l 0
|o 891.44 NAZ
|p 3010038869
|r 2022-08-03
|t 2
|w 2022-08-03
|y BK
|